| 000 | 00349 a2200157 4500 | ||
|---|---|---|---|
| 001 | 189156 | ||
| 020 | _a978-85-86218-64-4 | ||
| 040 | _cMagnum | ||
| 100 | _aFreitas, Florentino Alves de | ||
| 240 | 1 | 0 |
_aControle remoto _lpor |
| 245 | 1 | 0 | _aControle remoto |
| 300 | _a52 | ||
| 362 | 0 | _a2009 | |
| 697 | _aLITERATURA INFANTO-JUVENIL | ||
| 942 | _cBK | ||
| 999 |
_c189156 _d189156 |
||